Encyclopedia of human resource development : polarity management :

Bibliographic Details
Main Author: Johnson, Barry
Format: Book
Published: Mumbai, India: Jaico Publishing House, 2004.
Subjects:
LEADER 00652cam a2200193 7i4500
001 0000023415
005 20151104090000.0
005 ##20151104125600.0
003 ##MY-KlINT
020 # # |a 8179921387  
039 # 9 |y 201511041256  |z VLOAD 
090 0 0 |a E(R) 658.3003   |b ENC 
100 1 # |a Johnson, Barry 
245 1 0 |a Encyclopedia of human resource development :   |b polarity management :   |b polarity management :   |b vol. 4 /   |c Barry Johnson. 
260 # # |a Mumbai, India:   |b Jaico Publishing House,   |c 2004. 
300 # # |a 267 p:   |b ill;   |c 25cm. 
500 # # |a Set of 9 volumes 
650 # 0 |a International business enterprises --   |x Personnel management  
650 # 0 |a Personnel management